[Event "Aeroflot Open"]
[Site "Moscow RUS"]
[Date "2002.02.05"]
[Round "1"]
[White "Smirin,I"]
[Black "Markowski,T"]
[Result "0-1"]
[WhiteElo "2702"]
[BlackElo "2524"]

1.e4 c5 2.Nc3 e6 3.Nf3 a6 4.d4 cxd4 5.Nxd4 b5 6.g3 Bb7 7.Bg2 Nf6 8.Qe2 Qb6
9.Be3 Bc5 10.O-O-O Nc6 11.Nxc6 Bxc6 12.Bxc5 Qxc5 13.f4 Rc8 14.Kb1 b4 15.Nd5 Bxd5
16.exd5 O-O 17.dxe6 dxe6 18.Rd2 a5 19.Rhd1 a4 20.Qe5 Qa7 21.h3 h6 22.g4 Rc5
23.Qd4 Qa5 24.Re2 b3 25.cxb3 axb3 26.axb3 Nd5 27.Qa4 Qxa4 28.bxa4 Nxf4 29.Rf2 Nxg2
30.Rxg2 f5 31.gxf5 exf5 32.Rd7 g5 33.b4 Rc4 34.Rb7 Rf7 35.Rb8+ Kg7 36.a5 f4
37.Kb2 f3 38.Rf2 h5 39.Kb3 Re4 40.a6 g4 41.hxg4 hxg4 42.Rb7 Re3+ 43.Kc2 g3
44.Rf1 g2 45.Rg1 Ree7 46.a7 Re8 47.Rb8 Re2+  0-1

[Event "Aeroflot Open"]
[Site "Moscow RUS"]
[Date "2002.02.05"]
[Round "1"]
[White "Smirin,I"]
[Black "Markowski,T"]
[Result "0-1"]
[WhiteElo "2702"]
[BlackElo "2524"]

1.e4 c5 2.Nc3 e6 3.Nf3 a6 4.d4 cxd4 5.Nxd4 b5 6.g3 Bb7 7.Bg2 Nf6 8.Qe2 Qb6
9.Be3 Bc5 10.O-O-O Nc6 11.Nxc6 Bxc6 12.Bxc5 Qxc5 13.f4 Rc8 14.Kb1 b4 15.Nd5 Bxd5
16.exd5 O-O 17.dxe6 dxe6 18.Rd2 a5 19.Rhd1 a4 20.Qe5 Qa7 21.h3 h6 22.g4 Rc5
23.Qd4 Qa5 24.Re2 b3 25.cxb3 axb3 26.axb3 Nd5 27.Qa4 Qxa4 28.bxa4 Nxf4 29.Rf2 Nxg2
30.Rxg2 f5 31.gxf5 exf5 32.Rd7 g5 33.b4 Rc4 34.Rb7 Rf7 35.Rb8+ Kg7 36.a5 f4
37.Kb2 f3 38.Rf2 h5 39.Kb3 Re4 40.a6 g4 41.hxg4 hxg4 42.Rb7 Re3+ 43.Kc2 g3
44.Rf1 g2 45.Rg1 Ree7 46.a7 Re8 47.Rb8 Re2+ 48.Kd3 Kf6 49.Rc1 Re4 50.Rb5 Kg6
51.Rb6+ Kh7 52.Rb5  0-1

[Event "Aeroflot Open"]
[Site "Moscow RUS"]
[Date "2002.02.05"]
[Round "2"]
[White "Varavin,V"]
[Black "Smirin,I"]
[Result "0-1"]
[WhiteElo "2484"]
[BlackElo "2702"]

1.e4 g6 2.Nc3 Bg7 3.d4 d6 4.Nf3 Nf6 5.Be2 O-O 6.h3 Nc6 7.d5 Nb8 8.O-O e5
9.dxe6 Bxe6 10.Re1 Nc6 11.Bf1 Re8 12.Bf4 h6 13.Bg3 Nd7 14.Qd2 Nc5 15.Rad1 Bd7
16.Bc4 Be6 17.Bf1 a6 18.a3 b5 19.b4 Nd7 20.Nd5 Bxd5 21.Qxd5 Ne7 22.Qb3 Nb6
23.Be5 Qc8 24.Bxg7 Kxg7 25.e5 d5 26.Qc3 c5 27.Qe3 Na4 28.g4 d4 29.Qc1  0-1

[Event "Aeroflot Open"]
[Site "Moscow RUS"]
[Date "2002.02.07"]
[Round "5"]
[White "Sandipan,C"]
[Black "Smirin,I"]
[Result "0-1"]
[WhiteElo "2452"]
[BlackElo "2702"]

1.e4 c5 2.Nf3 e6 3.d3 Nc6 4.g3 Nge7 5.Bg2 g6 6.h4 Bg7 7.h5 O-O 8.hxg6 hxg6
9.O-O d5 10.Nbd2 e5 11.exd5 Nxd5 12.Ne4 b6 13.Nh4 Nde7 14.f4 Be6 15.fxe5 Nxe5
16.Bg5 f5 17.Nd2 Qd4+ 18.Kh1 Rae8 19.Nc4 Bd5 20.Nxe5 Bxe5 21.c3 Bxg2+ 22.Kxg2 Qd6
23.Qf3 Kg7 24.Rae1 Bf6 25.Qf4 Qxf4 26.Bxf6+ Kxf6 27.gxf4 Nd5 28.Kf3 Rxe1
29.Rxe1 Rh8 30.Ng2 Rh3+ 31.Ke2 Rg3 32.Kf2 Rxd3 33.Ke2 c4 34.Rh1 Kg7 35.a4 a6
36.Re1 b5 37.axb5 axb5 38.Ra1 b4 39.cxb4 Rb3 40.Ra7+ Kh6 41.Rd7 Rxb2+ 42.Kf3 Rb3+  0-1

[Event "Aeroflot Open"]
[Site "Moscow RUS"]
[Date "2002.02.08"]
[Round "6"]
[White "Smirin,I"]
[Black "Eljanov,P"]
[Result "1/2-1/2"]
[WhiteElo "2702"]
[BlackElo "2540"]

1.e4 c5 2.Nf3 Nc6 3.Bb5 e6 4.O-O Nge7 5.Nc3 a6 6.Bxc6 Nxc6 7.d4 cxd4 8.Nxd4 Qc7
9.Re1 Bd6 10.Kh1 Nxd4 11.Qxd4 Be5 12.Qd3 O-O 13.Bg5 b5 14.Rad1 b4 15.Ne2 Bb7
16.Be7 Rfc8 17.Bxb4 Qxc2 18.Bc3 Qxd3 19.Rxd3 Bxe4 20.Rxd7  1/2-1/2

[Event "Aeroflot Open"]
[Site "Moscow RUS"]
[Date "2002.02.09"]
[Round "8"]
[White "Smirin,I"]
[Black "Poluljahov,A"]
[Result "0-1"]
[WhiteElo "2702"]
[BlackElo "2527"]

1.c4 Nf6 2.Nc3 c5 3.Nf3 e6 4.g3 b6 5.Bg2 Bb7 6.O-O d6 7.Re1 Be7 8.e4 a6 9.d4 cxd4
10.Nxd4 Qc7 11.Be3 O-O 12.Rc1 Re8 13.g4 Bf8 14.g5 Nfd7 15.f4 Nc6 16.Nde2 Rac8
17.Ng3 Qb8 18.h4 Ba8 19.Qe2 Na7 20.h5 g6 21.h6 b5 22.cxb5 Nxb5 23.Nxb5 axb5
24.Qd2 Rcd8 25.Red1 Rc8 26.Rxc8 Rxc8 27.Rc1 Rxc1+ 28.Qxc1 Bb7 29.Bf1 Ba8
30.Bg2 Bb7 31.Qc3 Qa8 32.b4 Bc6 33.a3 e5 34.Bh3 Qb7 35.Bxd7 Qxd7 36.fxe5 d5
37.Bc5 dxe4 38.Bxf8 Kxf8 39.Kf2 Bb7 40.Qc5+ Ke8 41.Ne2 Qd3 42.Qb6 Qf3+ 43.Ke1 e3
44.Qxb5+ Bc6 45.Qb8+ Ke7 46.Qd6+ Ke8 47.Qb8+ Kd7 48.e6+ fxe6 49.Qf4 Qh1+
50.Qf1 Qh4+ 51.Kd1 Ba4+ 52.Kc1 Qc4+ 53.Kb2 Qb3+ 54.Ka1 Qxa3+  0-1

[Event "TCh-ISR"]
[Site "ISR"]
[Date "2002.03.02"]
[Round "5"]
[White "Erenburg,S"]
[Black "Smirin,I"]
[Result "1/2-1/2"]
[WhiteElo "2436"]
[BlackElo "2702"]

1.e4 d6 2.d4 Nf6 3.Nc3 g6 4.Be3 c6 5.h3 Bg7 6.f4 O-O 7.Nf3 c5 8.dxc5 Qa5
9.Nd2 dxc5 10.Nb3 Qc7 11.e5 Nfd7 12.Qf3 Nc6 13.O-O-O b6 14.Nd5 Qb7 15.Nxe7+ Nxe7
16.Qxb7 Bxb7 17.Rxd7 Nf5 18.Rxb7 Nxe3 19.g3 Bh6 20.Nd2 g5 21.fxg5 Bxg5 22.Ne4 Rad8
23.Be2 Bh6 24.Kb1 Rd4 25.Nf6+ Kg7 26.Ng4 Nf5 27.Nxh6 Kxh6 28.Rg1 Re4 29.Bd3 Rxe5
30.Rxa7 Nxg3 31.Rb7 f5 32.Rxb6+ Kh5 33.Rb7 h6 34.a4 f4 35.Bb5 Kh4 36.a5 f3
37.a6 f2 38.Rc1 f1=Q 39.Bxf1 Nxf1 40.b3 c4 41.Kb2 Ra5 42.a7 Rf3 43.bxc4 Nd2
44.Rc7 Kxh3 45.Rd1 Rf2 46.Kc3 Ne4+ 47.Kd4 Ng5 48.Re7 Rxc2 49.Rb1 Kg3  1/2-1/2

[Event "TCh-ISR"]
[Site "ISR"]
[Date "2002.03.09"]
[Round "6"]
[White "Smirin,I"]
[Black "Avrukh,B"]
[Result "1/2-1/2"]
[WhiteElo "2702"]
[BlackElo "2591"]

1.e4 c5 2.Nf3 Nc6 3.Bb5 d6 4.O-O Bd7 5.c3 Nf6 6.Re1 a6 7.Ba4 c4 8.Bc2 e5
9.b3 cxb3 10.axb3 Bg4 11.d3 Be7 12.Nbd2 O-O 13.h3 Bh5 14.Nf1 d5 15.g4 Bg6
16.Ng3 Rc8 17.Bb2 Bc5 18.b4 Bb6 19.Bb3 Re8 20.Rc1 Qd6 21.Nh4 Ne7 22.Qf3 Rf8
23.Kg2 h6 24.Kh2 Kh8 25.Nhf5 Bxf5 26.gxf5 a5 27.Rb1 dxe4 28.dxe4 axb4 29.cxb4 Nc6
30.b5 Nd4 31.Bxd4 Qxd4 32.Kg2 Rc3  1/2-1/2

[Event "TCh-ISR"]
[Site "ISR"]
[Date "2002.03.15"]
[Round "7"]
[White "Lederman,L"]
[Black "Smirin,I"]
[Result "0-1"]
[WhiteElo "2346"]
[BlackElo "2702"]

1.e4 c5 2.Nf3 e6 3.d4 cxd4 4.Nxd4 a6 5.c4 Nf6 6.Bd3 Nc6 7.Nxc6 dxc6 8.O-O e5
9.Kh1 Bc5 10.Nc3 Ng4 11.f3 Nxh2  0-1

[Event "Foxwoods Open"]
[Site "Connecticut USA"]
[Date "2002.03.30"]
[Round "4"]
[White "Finegold,B"]
[Black "Smirin,I"]
[Result "1/2-1/2"]
[WhiteElo "2533"]
[BlackElo "2702"]

1.d4 Nf6 2.c4 g6 3.Nc3 Bg7 4.e4 d6 5.Be2 O-O 6.Nf3 e5 7.O-O Nc6 8.d5 Ne7
9.b4 a5 10.Ba3 b6 11.bxa5 Nh5 12.Nd2 Nf4 13.Nb3 bxa5 14.Re1 Nxe2+ 15.Qxe2 f5
16.c5 fxe4 17.cxd6 cxd6 18.Nxe4 Nf5 19.Qd1 Bb7 20.Rb1 Rf7 21.Nc1 Qh4 22.Rb3 Bf8
23.Rh3 Qd8 24.Ne2 a4 25.Bb4 Be7 26.Qd2 Qb6 27.a3 Qa6 28.f4 Qc4 29.N4c3 Bd8
30.Kh1 Bb6 31.Ng3 exf4 32.Nxf5 Rxf5 33.Bxd6 Be3 34.Qb2 Bxd5 35.Nxd5 Qxd5
36.Bb4 Rc8 37.Rf3 Qd3 38.Qa2+ Rd5 39.Qa1 Rd7 40.Qf6 Qc4 41.h4 Rf7 42.Qg5 Re8
43.Rd1 Rf5 44.Qg4 Qe2 45.Rdf1 Qd3 46.Re1  1/2-1/2

[Event "Foxwoods Open"]
[Site "Connecticut USA"]
[Date "2002.03.30"]
[Round "5"]
[White "Smirin,I"]
[Black "Benjamin,Joe"]
[Result "1/2-1/2"]
[WhiteElo "2702"]
[BlackElo "2593"]

1.e4 e5 2.Nf3 Nc6 3.Bb5 Nge7 4.O-O g6 5.c3 a6 6.Ba4 Bg7 7.d4 exd4 8.cxd4 b5
9.Bb3 d6 10.a4 b4 11.a5 O-O 12.d5 Nb8 13.Ra4 Bd7 14.Ra2 Bg4 15.Nbd2 Nd7 16.h3 Bxf3
17.Nxf3 Nc5 18.Re1 Rb8 19.Bc4 b3 20.Ra1 Re8 21.Bd2 Nc8 22.Rb1 Qd7 23.Be3 Rxe4
24.Nd2 Re7 25.Bxc5 dxc5 26.Nxb3 Rxe1+ 27.Qxe1 Bf8 28.Qc3 Qf5 29.Nd2 Bg7 30.Qd3 Qxd3
31.Bxd3 Nd6  1/2-1/2

[Event "Foxwoods Open"]
[Site "Connecticut USA"]
[Date "2002.03.31"]
[Round "6"]
[White "Foygel,I"]
[Black "Smirin,I"]
[Result "0-1"]
[WhiteElo "2474"]
[BlackElo "2702"]

1.Nf3 Nf6 2.g3 g6 3.b3 Bg7 4.Bb2 d6 5.d4 c5 6.c4 cxd4 7.Nxd4 d5 8.Bg2 e5
9.Nc2 d4 10.Ba3 h5 11.h3 Nc6 12.e3 Qa5+ 13.b4 Qc7 14.exd4 Nxd4 15.Nxd4 exd4
16.Nd2 O-O 17.O-O Bf5 18.Qf3 Rab8 19.Rfe1 Nd7 20.b5 Rfe8 21.Ne4 d3 22.Bd6 Qxc4
23.Nd2 Qxb5 24.Bxb8 Rxb8 25.Rab1 Qa5 26.Red1 b6 27.Bf1 Qxa2 28.Rb5 Nc5 29.Qf4 Rd8
30.Qc7  0-1

[Event "TCh-ISR"]
[Site "ISR"]
[Date "2002.04.12"]
[Round "8"]
[White "Smirin,I"]
[Black "Vydeslaver,A"]
[Result "1/2-1/2"]
[WhiteElo "2702"]
[BlackElo "2408"]

1.e4 c5 2.Nf3 Nc6 3.Bb5 d6 4.c3 Bd7 5.d4 Qa5 6.Bxc6 bxc6 7.O-O cxd4 8.cxd4 Nf6
9.Nc3 e5 10.Bd2 Qc7 11.Rc1 Qb8 12.dxe5 dxe5 13.Bg5 Be7 14.Na4 Bg4 15.h3 Bxf3
16.Qxf3 O-O 17.b3 Qd6 18.Rfd1 Qa3 19.Qe2 Rac8 20.Rc4 Rfd8 21.Rxd8+ Bxd8 22.Be3 Qe7
23.Qc2 Qd7 24.Nc5 Qe8 25.Na6 Bb6 26.Bg5 Nh5 27.Nb4 h6 28.Bc1 Rd8 29.Nxc6 Rd6
30.Nb4 Rf6 31.Nd3 Kh7 32.Kh2 Rd6 33.Qe2 Nf6 34.Bb2 Qd8 35.Rc3 Bd4 36.Rc2 Bxb2
37.Nxb2 Rd4 38.f3 Nh5 39.Nc4 Nf4 40.Qe3 Qg5 41.g3 Nxh3 42.Qxg5 Nxg5 43.Kg2 f6
44.Rd2 Ne6 45.Rxd4 Nxd4 46.b4 h5 47.a4 Kg6 48.Nd6 f5 49.b5 fxe4 50.fxe4 Kf6
51.Nc8 Ke6 52.Nxa7 Kd7 53.g4 hxg4 54.Nc6 Kd6 55.Kg3 Ne2+ 56.Kxg4 Nc3 57.Kf5 g6+
58.Kxg6 Nxe4 59.Na5 Kc5 60.Nb3+  1/2-1/2

[Event "Bosnia GM"]
[Site "Sarajevo BIH"]
[Date "2002.05.22"]
[Round "1"]
[White "Movsesian,S"]
[Black "Smirin,I"]
[Result "1-0"]
[WhiteElo "2624"]
[BlackElo "2685"]

1.e4 c5 2.Nf3 Nc6 3.Nc3 g6 4.d4 cxd4 5.Nxd4 Bg7 6.Be3 Nf6 7.Bc4 O-O 8.Bb3 Qa5
9.f3 d5 10.exd5 Nb4 11.Qd2 Nbxd5 12.Nxd5 Qxd2+ 13.Kxd2 Nxd5 14.Bxd5 Rd8 15.c4 e6
16.Rhe1 exd5 17.c5 Bd7 18.Rac1 Re8 19.Bf2 Bh6+ 20.Be3 Bg7 21.Kd3 a5 22.Bf4 Rxe1
23.Rxe1 Bf8 24.Re5 f6 25.Rxd5 Be8 26.Ne6 Bf7 27.Rd8 Rxd8+ 28.Nxd8 Bxc5 29.Nxf7 Kxf7
30.Kc4 Bg1 31.Kb5 g5 32.Bc7 h5 33.h3 f5 34.Bxa5 g4 35.Bb6 Bh2 36.Bf2 Bc7
37.Kc4 gxf3 38.gxf3 Kf6 39.Be3  1-0

[Event "Bosnia GM"]
[Site "Sarajevo BIH"]
[Date "2002.05.24"]
[Round "3"]
[White "Kozul,Z"]
[Black "Smirin,I"]
[Result "0-1"]
[WhiteElo "2595"]
[BlackElo "2685"]

1.d4 Nf6 2.Nf3 g6 3.c4 Bg7 4.Nc3 d5 5.cxd5 Nxd5 6.Bd2 c5 7.Rc1 Nxc3 8.Bxc3 cxd4
9.Nxd4 O-O 10.e3 Nd7 11.Be2 Nb6 12.O-O Nd5 13.Bf3 Nxc3 14.bxc3 Qc7 15.Qb3 Rd8
16.Rfd1 a6 17.c4 Rb8 18.h3 Bd7 19.Qa3 Bf8 20.c5 e6 21.Nb3 Bc6 22.Bxc6 Qxc6
23.Qa5 Rxd1+ 24.Rxd1 Be7 25.g3 Rc8 26.Rc1 h5 27.h4 e5 28.Qb4 Qd5 29.e4 Qd7
30.Qc3 Qe6 31.Qe3 Rd8 32.Na5 Rd7 33.Qb3 Qxb3 34.axb3 Rc7 35.b4 b6 36.Nb3 bxc5
37.bxc5 Kf8 38.Kf1 Ke8 39.Ra1 Rb7 40.Ra3 Rb4 41.Ke2 a5 42.Nxa5 Bxc5 43.Nb3 Rxe4+
44.Kd3 Re3+ 45.fxe3 Bxa3 46.Ke4 Bd6 47.Nd2 Ke7 48.Kf3 f5 49.Kf2 e4 50.Nb3 Ke6
51.Nd4+ Kd5 52.Ne2 Kc4 53.Nd4 Kd3 54.Ne6 Kd2 55.Nd4 Bb8 56.Nb3+ Kc3 57.Nd4 Kd3
58.Nb5 Be5 59.Na7 Bc7 60.Nc6 Bd6 61.Nd8 Bc5 62.Nc6 Bxe3+ 63.Kg2 Bd4  0-1

[Event "Bosnia GM"]
[Site "Sarajevo BIH"]
[Date "2002.05.26"]
[Round "5"]
[White "Kurajica,B"]
[Black "Smirin,I"]
[Result "0-1"]
[WhiteElo "2555"]
[BlackElo "2685"]

1.Nf3 Nf6 2.c4 g6 3.g3 Bg7 4.Bg2 O-O 5.O-O d6 6.Nc3 Nc6 7.Rb1 a5 8.a3 e5
9.d3 h6 10.b4 axb4 11.axb4 Be6 12.b5 Ne7 13.Qb3 Nd7 14.Ba3 f5 15.Nd2 Rb8
16.e3 g5 17.f4 Ng6 18.Rbe1 Kh7 19.fxe5 Ndxe5 20.d4 Ng4 21.b6 c6 22.Kh1 Re8
23.d5 Bc8 24.dxc6 bxc6 25.Na4 c5 26.h3 Nf6 27.Bb2 Nh5 28.Kh2 Bxb2 29.Qxb2 Bd7
30.Qc2 Qe7 31.Qd1 g4 32.Rg1 Qe5 33.Bh1 Nxg3 34.Rxg3 f4 35.exf4 Qxe1 36.Qxe1 Rxe1
37.Nc3 Rxb6 38.Be4 h5 39.hxg4 Bxg4 40.Rd3 Kg7 41.Kg3 Ne7 42.Kf2 Ra1 43.Nb5 d5
44.Bxd5 Rf6 45.Be4 h4 46.Nd6 Rxf4+ 47.Ke3 Rf8 48.Rb3 Re1+ 49.Kd3 Rd8 50.Rb6 h3  0-1

[Event "Bosnia GM"]
[Site "Sarajevo BIH"]
[Date "2002.05.27"]
[Round "6"]
[White "Smirin,I"]
[Black "Sokolov,I"]
[Result "1-0"]
[WhiteElo "2685"]
[BlackElo "2647"]

1.e4 e5 2.Nf3 Nc6 3.Bb5 a6 4.Ba4 Nf6 5.O-O Be7 6.Re1 b5 7.Bb3 d6 8.c3 O-O
9.h3 Na5 10.Bc2 c5 11.d4 Qc7 12.Nbd2 cxd4 13.cxd4 Nc6 14.Nb3 a5 15.Be3 a4
16.Nbd2 Bd7 17.Rc1 Rac8 18.Nf1 Qb7 19.Ng3 Rc7 20.Bb1 Rfc8 21.Kh1 h6 22.Qd2 Bf8
23.a3 exd4 24.Nxd4 Ne5 25.Rxc7 Rxc7 26.Ndf5 Nc4 27.Qd4 Nxe3 28.Nxe3 Qa7 29.Qd3 Qc5
30.Nd5 Nxd5 31.exd5 g6 32.Ne4 Qc4 33.Nf6+ Kh8 34.Qe3 Qh4 35.Qb6 Qc4 36.Ne4 Bf5
37.Nxd6 Qc5 38.Qxc5 Rxc5 39.Nxf5 gxf5 40.Rd1 f4 41.d6 Bxd6 42.Rxd6 Rc1+ 43.Kh2 Rxb1
44.Rxh6+ Kg7 45.Rh4 Rxb2 46.Rxf4 b4 47.g4 bxa3 48.Kg3 a2 49.Rxa4 Kg6 50.Ra6+ f6
51.h4 Rb3+ 52.f3 Rb2 53.Ra7 Rc2 54.h5+ Kh6 55.Kf4 Rf2 56.Ra6 Kg7 57.Ra8 Kh7
58.Ke4 Kg7 59.f4 Rb2 60.Ra7+ Kh6 61.Kf5 Rg2 62.Ra6 Kh7 63.g5 fxg5 64.fxg5 Rf2+
65.Kg4 Rg2+ 66.Kf4 Rf2+ 67.Kg3 Rb2 68.Ra7+ Kg8 69.h6  1-0

[Event "Bosnia GM"]
[Site "Sarajevo BIH"]
[Date "2002.05.28"]
[Round "7"]
[White "Dizdarevic,E"]
[Black "Smirin,I"]
[Result "1-0"]
[WhiteElo "2526"]
[BlackElo "2685"]

1.Nf3 Nf6 2.g3 g6 3.b3 Bg7 4.Bb2 d6 5.d4 c5 6.Bg2 cxd4 7.Nxd4 d5 8.c4 e5
9.Nc2 d4 10.e3 Bg4 11.Qd2 Nc6 12.exd4 exd4 13.O-O O-O 14.f3 d3 15.Ne3 Qb6
16.Nc3 Rfe8 17.Rae1 Bh6 18.Nd1 Nd4 19.fxg4 Nxg4 20.Kh1 Nxe3 21.Rxe3 Rxe3
22.Nxe3 Nf5 23.Qc3 Bg7 24.Nd5 Bxc3 25.Nxb6 Bxb2 26.Nxa8 Ne3 27.Rf2 Bc3 28.Bf3 Be1
29.Rb2 g5 30.Nc7 g4 31.Nd5 Nxd5 32.Bxd5  1-0

[Event "Bosnia GM"]
[Site "Sarajevo BIH"]
[Date "2002.05.29"]
[Round "8"]
[White "Smirin,I"]
[Black "Shirov,A"]
[Result "1/2-1/2"]
[WhiteElo "2685"]
[BlackElo "2704"]

1.e4 c5 2.Nf3 Nc6 3.Bb5 g6 4.Bxc6 dxc6 5.d3 Bg7 6.h3 Nf6 7.Nc3 Nd7 8.Be3 e5
9.Qd2 Qe7 10.Bh6 Bxh6 11.Qxh6 f6 12.Nd2 Nf8 13.f4 exf4 14.Qxf4 Ne6 15.Qh6 Nd4
16.O-O-O Be6 17.Rhf1 O-O-O 18.Kb1 f5 19.Rde1 Rhe8 20.Nf3 Qc7 21.Nxd4 cxd4
22.exf5  1/2-1/2

[Event "Bosnia GM"]
[Site "Sarajevo BIH"]
[Date "2002.05.30"]
[Round "9"]
[White "Georgiev,Ki"]
[Black "Smirin,I"]
[Result "1/2-1/2"]
[WhiteElo "2654"]
[BlackElo "2685"]

1.d4 Nf6 2.c4 g6 3.Nf3 Bg7 4.g3 O-O 5.Bg2 d5 6.O-O dxc4 7.Na3 c3 8.bxc3 c5
9.e3 Nc6 10.Qe2 Bf5 11.Rd1 Qb6 12.Bb2 Rfd8 13.Nc4 Qa6 14.Bf1 Na5 15.Nxa5 Qxa5
16.c4 Ne4 17.Nh4 Bd7 18.Qc2 Nd6 19.a4 cxd4 20.exd4 Rac8 21.c5 Nf5 22.Nxf5 Bxf5
23.Qb3 Be6 24.Qe3 Qc7 25.a5  1/2-1/2

[Event "FIDE GP"]
[Site "Moscow RUS"]
[Date "2002.06.01"]
[Round "1.2"]
[White "Karjakin,Sergey"]
[Black "Smirin,I"]
[Result "0-1"]
[WhiteElo "2489"]
[BlackElo "2685"]

1.e4 e5 2.Nf3 Nc6 3.Bc4 Bc5 4.c3 Nf6 5.d4 exd4 6.O-O d3 7.b4 Be7 8.b5 Na5
9.Bxd3 d6 10.Nbd2 O-O 11.Nb3 c6 12.bxc6 Nxc6 13.h3 Ne5 14.Bc2 Qc7 15.Bd2 b6
16.Nfd4 Bb7 17.Re1 Rfe8 18.Nf5 Bf8 19.Bg5 Nfd7 20.Re3 g6 21.Nh6+ Kg7 22.Rg3 f6
23.Bf4 Kh8 24.Nd4 Nc5 25.Qe2 Ba6 26.Qh5 Qg7 27.Qd1 Qd7 28.Ndf5 Bb7 29.Qd4 Rad8
30.Re1 Qe6 31.Qd1 d5 32.Nd4 Qd7 33.exd5 Bxd5 34.Rge3 Bxa2 35.Ng4 Nxg4 36.hxg4 Rxe3
37.Rxe3 Bf7 38.Qe2 Re8 39.g5 Rxe3 40.Qxe3 fxg5 41.Be5+ Bg7 42.Bxg7+ Kxg7
43.Qxg5 Ne6 44.Qe5+ Kg8 45.Qb8+ Qd8 46.Qxa7 Nxd4 47.cxd4 Qxd4 48.Qa8+ Kg7
49.Qb7 Qa1+ 50.Kh2 Qe5+ 51.g3 Qe6 52.Be4 Qd6 53.Kg2 Qc5 54.Bc6 Kf6 55.Qd7 Kg7
56.Qb7 Qd4 57.Bf3 g5 58.Kg1 Qc5 59.Bc6 Kf6 60.Qd7 Bg6 61.Qd8+ Kg7 62.Qd7+ Bf7
63.Qb7 Kf6 64.Qd7 h6 65.Qd8+ Kg7 66.Qd7 Qc4 67.Qb7 Qc1+ 68.Kg2 Qc5 69.Kg1 Kg6
70.Qd7 h5 71.Be4+ Kf6 72.Bc6 Kg7 73.Qb7 h4 74.Kg2 Kf6 75.Qd7 h3+ 76.Kg1 Kg7
77.Bf3 b5 78.Qxh3 b4 79.Be4 b3 80.Qh7+ Kf8 81.Qh8+ Ke7 82.Qb2 Be6 83.Qg7+ Bf7
84.Bg6 Qc4 85.Bxf7 Qxf7 86.Qxg5+ Kd6 87.Qb5 Qd5 88.Qb6+ Kd7 89.Kh2 Qc4 90.Qf6 Qc2
91.Qf7+ Kc6 92.Qe8+ Kc5 93.Qe3+ Kb4 94.Qd4+ Qc4 95.Qd2+ Qc3 96.Qd6+ Kc4 97.Qc6+ Kd3
98.Qg6+ Kd2 99.Qh6+ Ke2 100.Qe6+ Kxf2 101.Qf5+ Ke2 102.Qe6+ Kd1 103.Qg4+ Kc1
104.Kh3 b2 105.Qf4+ Kc2 106.Qf5+ Qd3 107.Qc5+ Kd1 108.Qg1+ Kc2 109.Qf2+ Qd2
110.Qc5+ Kb3 111.Qb5+ Qb4 112.Qd3+ Ka2 113.Qd5+ Ka1 114.Qa8+ Kb1 115.Qh1+ Kc2
116.Qg2+ Kb3 117.Qf3+ Ka2 118.Qd5+ Ka3 119.Qd3+ Ka2 120.Qd5+ Ka1 121.Qa8+ Kb1
122.Qh1+ Kc2 123.Qg2+ Qd2 124.Qc6+ Qc3 125.Qe4+ Qd3 126.Qc6+ Kd2 127.Qg2+ Qe2
128.Qd5+ Ke1 129.Qa5+ Kf1 130.Qf5+ Kg1 131.Kh4 Qd1 132.Qc5+ Kg2 133.Qc6+ Kh2
134.Qc7 Qb1 135.g4+ Kh1 136.Qc6+ Kg1 137.Qc5+ Kf1 138.Qf8+ Kg2 139.Qa8+  0-1

[Event "FIDE GP"]
[Site "Moscow RUS"]
[Date "2002.06.03"]
[Round "3.2"]
[White "Beliavsky,A"]
[Black "Smirin,I"]
[Result "1-0"]
[WhiteElo "2661"]
[BlackElo "2685"]

1.d4 Nf6 2.c4 g6 3.Nc3 d5 4.Bf4 Bg7 5.e3 c5 6.dxc5 Qa5 7.Rc1 Ne4 8.cxd5 Nd7
9.Ne2 Ndxc5 10.f3 Nxc3 11.Nxc3 O-O 12.Kf2 Qb4 13.Qc2 Bd7 14.d6 e6 15.Be2 Rfc8
16.Rhd1 Na4 17.Qe4 Qxe4 18.Nxe4 Bxb2 19.Rc7 Nb6 20.Nc5 Bc6 21.Rxc8+ Rxc8
22.d7 Rd8 23.Bc7 Rxd7 24.Nxd7 Nxd7 25.Rb1 Bf6 26.Bb5 Bxb5 27.Rxb5 b6 28.Rb3 Be7
29.Rd3 Nc5 30.Rd1 Kf8 31.Bb8 a6 32.Ba7 Na4 33.Rd7 Ke8 34.Rd4 b5 35.Rd2 Bb4
36.Rc2 Kd7 37.Bd4 Bd6 38.f4 Be7 39.g4 f6 40.h4 e5 41.fxe5 fxe5 42.Bxe5 Bxh4+
43.Kf3 Be1 44.Rh2 Ke6 45.Bd4 Bc3 46.Rxh7 Bxd4 47.exd4 Nc3 48.Ra7 Kd5 49.Rxa6 Kxd4
50.Kf4 Ne4 51.Rxg6  1-0

[Event "FIDE GP"]
[Site "Moscow RUS"]
[Date "2002.06.03"]
[Round "3.1"]
[White "Smirin,I"]
[Black "Beliavsky,A"]
[Result "1/2-1/2"]
[WhiteElo "2685"]
[BlackElo "2661"]

1.e4 e5 2.Nf3 Nc6 3.Bb5 a6 4.Ba4 Nf6 5.O-O Be7 6.Re1 b5 7.Bb3 d6 8.c3 O-O
9.h3 Re8 10.d4 Bb7 11.Nbd2 Bf8 12.a4 exd4 13.cxd4 Nb4 14.e5 dxe5 15.dxe5 Nfd5
16.Ne4 c5 17.axb5 axb5 18.Rxa8 Bxa8 19.Nfg5 h6 20.e6 hxg5 21.Nxg5 f6 22.Qh5 fxg5
23.Qf7+ Kh8 24.Qh5+  1/2-1/2

[Event "FIDE GP"]
[Site "Moscow RUS"]
[Date "2002.06.04"]
[Round "4.2"]
[White "Ivanchuk,V"]
[Black "Smirin,I"]
[Result "1/2-1/2"]
[WhiteElo "2711"]
[BlackElo "2685"]

1.e4 g6 2.d4 Bg7 3.Nf3 d6 4.Be2 Nf6 5.Nc3 O-O 6.O-O Nc6 7.d5 Nb8 8.Bg5 e5
9.dxe6 Bxe6 10.Qd2 Nc6 11.Bh6 Re8 12.Bxg7 Kxg7 13.Rfe1 a6 14.Rad1 b5 15.a3 Bd7
16.Nd4 b4 17.Nxc6 Bxc6 18.axb4 Nxe4 19.Nxe4 Bxe4 20.Qc3+ Kg8 21.Bf3 Bxf3
22.Qxf3 Qd7 23.h4 Qb5 24.Qc3 Rac8 25.g3 Qb7 26.Rxe8+ Rxe8 27.Re1 Rxe1+ 28.Qxe1 Qd5
29.c3 Kg7 30.Qe7 c5 31.bxc5 dxc5 32.b4 c4 33.Qe3 h5 34.Kf1 Qd1+ 35.Kg2 Qd5+
36.Kf1 Kf6 37.Qf4+ Ke6 38.Qe3+ Qe5 39.Qf3 Kd6 40.Qd1+ Kc7 41.Qd2 Qe4 42.Kg1 Kc6
43.Kf1 f6 44.Kg1 Qe5 45.Qa2 Qe1+ 46.Kg2 Qxc3  1/2-1/2

[Event "FIDE GP"]
[Site "Moscow RUS"]
[Date "2002.06.04"]
[Round "4.1"]
[White "Smirin,I"]
[Black "Ivanchuk,V"]
[Result "0-1"]
[WhiteElo "2685"]
[BlackElo "2711"]

1.e4 c5 2.Nf3 d6 3.d4 Nf6 4.Nc3 cxd4 5.Nxd4 a6 6.Be3 Ng4 7.Bg5 h6 8.Bh4 g5
9.Bg3 Bg7 10.h3 Nf6 11.Be2 Qb6 12.Nb3 Nc6 13.O-O Ne5 14.Kh1 Ng6 15.f3 Be6
16.Bf2 Qc7 17.Nd4 Rc8 18.Re1 Nh5 19.Nd5 Bxd5 20.exd5 Nhf4 21.Bf1 Qd7 22.c4 h5
23.Rc1 Be5 24.Kg1 g4 25.fxg4 hxg4 26.Qxg4 Qxg4 27.hxg4 Nxd5 28.Bd3 Bh2+ 29.Kf1 Bf4
30.Rcd1 Nf6 31.g3 Be5 32.Be2 Ne4 33.Nf5 e6 34.Bf3 Nxf2 35.Rxd6 Nh1 36.Kg2 Nxg3
37.Bxb7 Nxf5 38.gxf5 Nh4+ 39.Kf1 Bxd6  0-1

[Event "FIDE GP"]
[Site "Moscow RUS"]
[Date "2002.06.05"]
[Round "5.3"]
[White "Bareev,E"]
[Black "Smirin,I"]
[Result "1/2-1/2"]
[WhiteElo "2724"]
[BlackElo "2685"]

1.d4 Nf6 2.c4 g6 3.Nc3 Bg7 4.e4 d6 5.Be2 O-O 6.Nf3 e5 7.O-O Nc6 8.d5 Ne7
9.b4 a5 10.bxa5 Rxa5 11.Nd2 c5 12.a4 Ra6 13.Ra3 Nd7 14.Nb5 f5 15.exf5 gxf5
16.Bb2 Ng6 17.g3 Nf6 18.f4 exf4 19.gxf4 Bh6 20.Rg3 Ng4 21.Bxg4 fxg4 22.Rxg4 Bxf4
23.Ne4 Bxg4 24.Qxg4 Qe7 25.Re1 Be5 26.Bxe5 Qxe5 27.Qe6+ Kg7 28.Nbxd6 Rxa4
29.Qd7+ Kg8 30.Ne8 Kh8 31.Qxa4 Rxe8 32.d6 Rg8 33.Qa1 b6 34.d7 Qxa1 35.Rxa1 Ne5+
36.Kf2 Nxd7 37.Ra7 Ne5 38.Nf6 Ng4+ 39.Nxg4 Rxg4 40.Rb7 Rxc4 41.Rxb6 Kg7 42.Rc6 Rf4+
43.Kg3 Rf5 44.Kg4 Rd5 45.Rc7+  1/2-1/2

[Event "FIDE GP"]
[Site "Moscow RUS"]
[Date "2002.06.05"]
[Round "5.2"]
[White "Smirin,I"]
[Black "Bareev,E"]
[Result "0-1"]
[WhiteElo "2685"]
[BlackElo "2724"]

1.e4 c6 2.d4 d5 3.Nd2 dxe4 4.Nxe4 Bf5 5.Ng3 Bg6 6.h4 h6 7.Nf3 Nd7 8.h5 Bh7
9.Bd3 Bxd3 10.Qxd3 e6 11.Bd2 Ngf6 12.O-O-O Be7 13.Ne4 O-O 14.Kb1 c5 15.dxc5 Qc7
16.Nxf6+ Nxf6 17.Qe2 Qxc5 18.Ne5 Rac8 19.Bc1 Rfd8 20.g4 Rxd1 21.Rxd1 Bd6
22.Nd3 Qb5 23.f3 Nd5 24.Bd2 a5 25.Nc1 Qb6 26.c4 Qa6 27.b3 a4 28.Qe4 Nf6 29.Qe2 axb3
30.axb3 b5 31.g5 hxg5 32.Bxg5 bxc4 33.Bxf6 gxf6 34.Rd2 Bf4 35.Rc2 Bxc1 36.Rxc1 Ra8
37.Qb2 cxb3 38.Rd1 Kh7 39.Qxb3 Qa1+ 40.Kc2 Rc8+ 41.Kd3 Qxd1+  0-1

[Event "30th World Open"]
[Site "Philadelphia USA"]
[Date "2002.06.30"]
[Round "2"]
[White "Gurevich,D"]
[Black "Smirin,I"]
[Result "1/2-1/2"]
[WhiteElo "2513"]
[BlackElo "2685"]

1.d4 Nf6 2.c4 g6 3.Nc3 d5 4.Nf3 Bg7 5.cxd5 Nxd5 6.Bd2 O-O 7.Rc1 Nb6 8.Bg5 h6
9.Bh4 c5 10.d5 N8d7 11.e3 Nf6 12.Ne5 g5  1/2-1/2

[Event "GM"]
[Site "Biel SUI"]
[Date "2002.07.22"]
[Round "1"]
[White "Pelletier,Y"]
[Black "Smirin,I"]
[Result "1/2-1/2"]
[WhiteElo "2571"]
[BlackElo "2676"]

1.Nf3 Nf6 2.c4 g6 3.d4 Bg7 4.Nc3 O-O 5.e4 d6 6.Be2 e5 7.O-O Nc6 8.d5 Ne7
9.b4 Nh5 10.Re1 f5 11.Ng5 Nf6 12.f3 Nh5 13.c5 Nf4 14.Qb3 fxe4 15.fxe4 Kh8
16.Bxf4 exf4 17.Rad1 Nc6 18.Nf7+ Rxf7 19.dxc6 Rf8 20.e5 bxc6 21.exd6 cxd6
22.cxd6 Bf5 23.Bf3 Rf6 24.b5 Rxd6 25.bxc6 Rb8 26.Qc4 Rxd1 27.Rxd1 Qb6+ 28.Kh1 Re8
29.Nd5 Qf2 30.Qf1 Qxa2 31.Nxf4 Qa4 32.Re1 Rf8 33.Ne6 Bxe6 34.Rxe6 a5 35.Qe1 Qc4
36.Re8 Qc5 37.h3 a4 38.Rxf8+ Bxf8 39.Qa1+ Bg7 40.Qxa4 Be5 41.Qd1  1/2-1/2

[Event "GM"]
[Site "Biel SUI"]
[Date "2002.07.24"]
[Round "3"]
[White "Korchnoi,V"]
[Black "Smirin,I"]
[Result "0-1"]
[WhiteElo "2626"]
[BlackElo "2676"]

1.d4 Nf6 2.c4 g6 3.Nc3 d5 4.Nf3 Bg7 5.cxd5 Nxd5 6.e4 Nxc3 7.bxc3 c5 8.Be3 Qa5
9.Bd2 O-O 10.Be2 Bg4 11.O-O Rd8 12.Ng5 Bxe2 13.Qxe2 Qa6 14.Qxa6 Nxa6 15.d5 c4
16.Be3 Rac8 17.Bxa7 Bxc3 18.Rab1 Rd7 19.Be3 Bg7 20.Rb5 c3 21.f4 c2 22.Rc1 Rc4
23.a3 h6 24.Nf3 Rxe4 25.Kf2 Rc7 26.Bb6 Rc3 27.Rb2 Rxa3 28.Rbxc2 Nb4 29.Rc8+ Kh7
30.Rd1 Nd3+ 31.Kf1 Nxf4 32.Re8 f5 33.Bc7 Rd3 34.Rxd3 Nxd3 35.Rb8 Rb4 36.Re8 Bf6
37.Rd8 Nc5 38.d6 exd6 39.Rxd6 Bg7 40.h4 Ne4 41.Re6 Rb1+ 42.Ke2 Rb2+ 43.Kf1 g5
44.hxg5 hxg5 45.Kg1 g4 46.Nh4 g3  0-1